Inventory control : (Record no. 129285)

MARC details
000 -LEADER
fixed length control field 00740nam a22002297a 4500
005 - DATE AND TIME OF LATEST TRANSACTION
control field 20170124110053.0
010 ## - LIBRARY OF CONGRESS CONTROL NUMBER
LC control number A-302886
020 ## - INTERNATIONAL STANDARD BOOK NUMBER
Terms of availability 45.00
International Standard Book Number 0876921845
035 ## - SYSTEM CONTROL NUMBER
System control number A-302886
037 ## - SOURCE OF ACQUISITION
Source of stock number/acquisition Cen Lib/Ret
040 ## - CATALOGING SOURCE
Original cataloging agency DPL
Language of cataloging EN
082 ## - DEWEY DECIMAL CLASSIFICATION NUMBER
Classification number 658.7
Item number STA
100 ## - MAIN ENTRY--PERSONAL NAME
Personal name Star, Martin K.
9 (RLIN) 25931
245 ## - TITLE STATEMENT
Title Inventory control :
Statement of responsibility, etc by Martin K. Starr [and] david W. Miller
Remainder of title theory and practices /
260 ## - PUBLICATION, DISTRIBUTION, ETC. (IMPRINT)
Place of publication, distribution, etc New Delhi
Name of publisher, distributor, etc Prentice Hall of India
Date of publication, distribution, etc 1962
270 ## - ADDRESS
Address M-97, connaught icircus
City New Delhi
Postal code 110001
300 ## - PHYSICAL DESCRIPTION
Extent ix, 258p.
Dimensions 21cm(Hb)
650 ## - SUBJECT ADDED ENTRY--TOPICAL TERM
Topical term or geographic name as entry element Control inventories
9 (RLIN) 25932
650 ## - SUBJECT ADDED ENTRY--TOPICAL TERM
Topical term or geographic name as entry element Inventory problems
Form subdivision Manuals
9 (RLIN) 25933
700 ## - ADDED ENTRY--PERSONAL NAME
Personal name Miller, David W.
9 (RLIN) 25934
942 ## - ADDED ENTRY ELEMENTS (KOHA)
Source of classification or shelving scheme Dewey Decimal Classification
Koha item type English Books
Classification part 658.7
Call number suffix STA
Holdings
Withdrawn status Lost status Damaged status Not for loan Home library Current library Date acquired Source of acquisition Cost, normal purchase price Total Checkouts Full call number Barcode Date last seen Copy number Cost, replacement price Price effective from Koha item type Public note Source of classification or shelving scheme
Written off       Central Library Central Library 06/07/2015 Cen Lib/Ret 45.00   658.7 STA A-302886 06/07/2015 1 45.00 06/07/2015 English Books W/d List No. 6877/10 ; dtd 25/08/2022  
Written off       Central Library Central Library 01/11/2016   45.00   658.7 STA A-082765 01/11/2016   45.00 01/11/2016 English Books W/d List No. 6883/19 ; dtd 05/09/2020 Dewey Decimal Classification

© Delhi Public Library
Hit Counter
free hit counter